LEADER 00872nam a2200229 u 4500 001 000000022835 003 CaOOAMICUS 005 20070226111153.0 008 950328s1933 gw u000 u ger u 035 $a10574635 040 $aPUL$bita 100 1 $aAdam, Karl,$d1876-1966.$0(OLS)http://pul/name/5780 245 10$aJesus Christus /$cvon Karl Adam. 260 $aAugsburg :$bHaas und Grabherr,$c1933. 300 $a349 p. ;$c23 cm 600 04$aIesus Christus$xVita.$0(OLS)http://pul/subject/707 850 $aPUL 852 $aPUL$W1$xDP1 Fondo Maccarrone$y58$m1504 E 31$j32020$nBK-PRI$b $qFondi$B32020$CPULBib$Z2$F32020 $H $81 941 1 $a1 961 $aINV: 01301 -- Fondo Mons. M. Maccarrone 996 $6245$aJesus Christus$9(OLS)http://pul/title/31786 996 $6260$aAugsburg :$bHaas und Grabherr$9(OLS)http://pul/publisher/57802 LEADER 01249nam a2200289 u 4500 001 000000086989 003 CaOOAMICUS 005 20070226124346.0 008 051006s1986 vc u000 u ita u 035 $a11062180 040 $aPUL$bita 110 2 $aPontificia Commissio Iustitia et Pax.$0(OLS)http://pul/name/8415 245 10$aAl servizio della comunitą :$bUn approccio etico al debito internazionale (27 dicembre 1986) /$cPontificia Commissione "Iustitia et Pax". 260 $aCittą del Vaticano :$b[s. n.],$c1986. 300 $a30 p. ;$c24 cm 504 $aBibliografia in nota. 650 4$aEtica e economia.$0(OLS)http://pul/subject/11804 850 $aPUL 852 $aPUL$W1$xSL Filosofia 3$y81$m174 PCIEP 1$j110341$nBK-PRI$qDDC 21$B110341$CPULBib$Z2$F110341 $HPUL99168 $82 941 1 $a9 960 $aEconomia e morale$911804 960 $aEconomia e morale$911804 960 $aEtica economica$911804 960 $aEtica degli affari$911804 960 $aFinanza etica$911804 996 $6245$aAl servizio della comunitą :$bUn approccio etico al debito internazionale (27 dicembre 1986)$9(OLS)http://pul/title/112629 996 $6260$aCittą del Vaticano :$b[s. n.]$9(OLS)http://pul/publisher/77555